Grant Svetovej banky č. 051822 na reformu účtovníctva a audítorstva na Slovensku
Salvato in:
| Autore principale: | |
|---|---|
| Ente Autore: | |
| Natura: | Libro |
| Lingua: | slovacco |
| Pubblicazione: |
Bratislava
2007
|
| Soggetti: | |
| Tags: |
Nessun Tag, puoi essere il primo ad aggiungerne!!
|
MARC
| LEADER | 00000nam$a2200000$$$4500 | ||
|---|---|---|---|
| 001 | 0054733 | ||
| 005 | 20240503084917.4 | ||
| 041 | 0 | |a slo | |
| 044 | |a SK | ||
| 245 | 1 | 0 | |a Grant Svetovej banky č. 051822 na reformu účtovníctva a audítorstva na Slovensku |c Anna Šlosárová ... [et al.] |
| 264 | 1 | |a Bratislava |c 2007 | |
| 300 | |a [100] s. | ||
| 610 | 2 | 0 | |a účtovníctvo |
| 610 | 2 | 0 | |a audítorstvo |
| 610 | 2 | 0 | |a reformy |
| 610 | 2 | 0 | |a Slovensko |
| 100 | 1 | |a Šlosárová, Anna | |
| 710 | 2 | |a Fakulta hospodárskej informatiky EU. Katedra účtovníctva | |